00669nam a22002057a 450000500170000001000130001702000100003003500130004003700160005304000120006908200160008110000180009724501190011526000450023427000610027930000230034050000190036365000460038265000350042820170124105941.0 aA-713412 c00.00 aA-713412 bCen Lib/Ret aDPLbEN a331.31bWEI aWeiner, Myron aThe child and the state in India :cby Myron Weinerbchild labor and education policy in comparative perspective / aNew DelhibOxford University Pressc1991 bNew DelhiaYMCA Library Building, Jai Singh Roade110001 aix,213p.c21cm(Hb) aIncludes index aChild labor -- Government policy -- India aEducation, Compulsory -- India